Prof. G Ram Reddy Library

Old english poetics (Record no. 108045)

MARC details
000 -LEADER
fixed length control field 00583nam a2200193Ia 4500
003 - CONTROL NUMBER IDENTIFIER
control field LDD
008 - FIXED-LENGTH DATA ELEMENTS--GENERAL INFORMATION
fixed length control field 181029s9999 xx 000 0 und d
020 ## - INTERNATIONAL STANDARD BOOK NUMBER
International Standard Book Number 1903153204
Terms of availability P 80.00
040 ## - CATALOGING SOURCE
Transcribing agency LDD
100 ## - MAIN ENTRY--PERSONAL NAME
Personal name Tyler, Elizabeth M.
245 #0 - TITLE STATEMENT
Title Old english poetics
Remainder of title the aesthetics of the familiar in anglo- saxon England
Statement of responsibility, etc. Elizabeth M. Tyler
260 ## - PUBLICATION, DISTRIBUTION, ETC.
Place of publication, distribution, etc. York Medieval Press
Name of publisher, distributor, etc. York
Date of publication, distribution, etc. 2006
300 ## - PHYSICAL DESCRIPTION
Extent xvi, 194p.
365 ## - TRADE PRICE
Price amount P 80.00
901 ## - LOCAL DATA ELEMENT A, LDA (RLIN)
a 10414
b 30-01-2013
902 ## - LOCAL DATA ELEMENT B, LDB (RLIN)
a 1181
b 05-02-2013
c F
d BBS
e 42
903 ## - LOCAL DATA ELEMENT C, LDC (RLIN)
a Discount-50
b Reqst by : M.R. Kindo
942 ## - ADDED ENTRY ELEMENTS (KOHA)
Source of classification or shelving scheme Dewey Decimal Classification
Koha item type Books
Holdings
Withdrawn status Lost status Source of classification or shelving scheme Damaged status Not for loan Home library Current library Total Checkouts Full call number Barcode Date last seen Cost, replacement price Price effective from Koha item type
No   Dewey Decimal Classification     Library and Documentation Division Library and Documentation Division   829.1009 T971O 091379 11/01/2018 6716.80 11/01/2018 Books

© Prof. G Ram Reddy Centre Library, Indira Gandhi National Open University, Maidan Garhi, New Delhi, 110068
+91-011-29532797 | FAX+91-011-29533393 |